| 000 | 00304nam a2200085Ia 4500 | ||
|---|---|---|---|
| 245 | 0 | _aModlin dictionaries. Mathematical literacy grade 10-12 : inspiring, creative, empowering | |
| 100 |
_a Fourie, Heidi Norwood, South Africa, 2006 _966979 |
||
| 942 | _cBK | ||
| 008 | 210818s9999 xx 000 0 und d | ||
| 999 |
_c441422 _d441420 |
||